[Event "AUS-ch Major"]
[Site "Cammeray"]
[Date "2018.01.05"]
[Round "5"]
[White "Hibberd, Nathan"]
[Black "Canfell, Mike J"]
[Result "1-0"]
[WhiteElo "2005"]
[BlackElo "1844"]
[PlyCount "55"]
[EventDate "2018.01.02"]
[EventType "swiss"]
[EventRounds "11"]
[EventCountry "AUS"]
[SourceTitle "CBM 182 Extra"]
[Source "ChessBase"]
[SourceDate "2018.02.23"]
[SourceVersion "1"]
[SourceVersionDate "2018.02.23"]
[SourceQuality "1"]

1. e4 e5 2. Nf3 Nf6 3. Nxe5 d6 4. Nf3 Nxe4 5. Nc3 Nf6 6. d4 Be7 7. Bd3 0-0 8. h3 Re8 9. Be3 c6 10. Qd2 Nbd7 11. g4 Nf8 12. g5 N6d7 13. 0-0-0 d5 14. h4 b5 15. Ne2 Bd6 16. Rdg1 Nb6 17. Nf4 Nc4 18. Bxc4 bxc4 19. h5 Ne6 20. g6 h6 21. gxf7+ Kxf7 22. Ng6 Nf8 23. Nge5+ Bxe5 24. Nxe5+ Rxe5 25. dxe5 Bf5 26. Rg3 Ne6 27. Rf3 d4 28. Rxf5+ 1-0

[Event "AUS-ch Major"]
[Site "Cammeray"]
[Date "2018.01.03"]
[Round "3"]
[White "Hibberd, Nathan"]
[Black "Odenthal, Aidan"]
[Result "1-0"]
[WhiteElo "2005"]
[BlackElo "1853"]
[PlyCount "79"]
[EventDate "2018.01.02"]
[EventType "swiss"]
[EventRounds "11"]
[EventCountry "AUS"]
[SourceTitle "CBM 182 Extra"]
[Source "ChessBase"]
[SourceDate "2018.02.23"]
[SourceVersion "1"]
[SourceVersionDate "2018.02.23"]
[SourceQuality "1"]

1. e4 d6 2. d4 Nf6 3. Nc3 g6 4. Be3 Bg7 5. Qd2 Ng4 6. Bg5 h6 7. Bh4 Nc6 8. f3 Nf6 9. 0-0-0 0-0 10. Bf2 a6 11. Be3 Kh7 12. g4 Nd7 13. Nge2 b5 14. Ng3 Nb6 15. h4 d5 16. h5 g5 17. Nf5 Bxf5 18. gxf5 e6 19. Rg1 Nc4 20. Bxc4 dxc4 21. Ne2 exf5 22. exf5 f6 23. f4 a5 24. Kb1 Nb4 25. Nc3 c6 26. Ne4 Nd5 27. fxg5 Nxe3 28. g6+ Kh8 29. Qxe3 Qd7 30. Qf4 a4 31. Nd6 b4 32. Nf7+ Rxf7 33. gxf7 Qxf7 34. Rg6 c3 35. Rdg1 Re8 36. Rxh6+ Kg8 37. Rhg6 Kf8 38. Qd6+ Qe7 39. Qxe7+ Rxe7 40. h6 1-0

[Event "AUS-ch U16"]
[Site "Mooroolbark"]
[Date "2011.01.16"]
[Round "2"]
[White "Cameron, Alistair"]
[Black "Hibberd, Nathan"]
[Result "1-0"]
[WhiteElo "1827"]
[BlackElo "1566"]
[PlyCount "51"]
[EventDate "2011.01.15"]
[EventType "swiss"]
[EventRounds "9"]
[EventCountry "AUS"]
[SourceTitle "EXT 2013"]
[Source "ChessBase"]
[SourceDate "2012.11.22"]
[SourceVersion "1"]
[SourceVersionDate "2012.11.22"]
[SourceQuality "1"]

1. Nf3 Nf6 2. c4 c6 3. d4 d5 4. Nc3 e6 5. Bg5 h6 6. Bxf6 Qxf6 7. Qb3 Nd7 8. e4 dxc4 9. Bxc4 g6 10. 0-0-0 Bg7 11. Kb1 0-0 12. e5 Qe7 13. h4 Nb6 14. Bd3 Nd5 15. h5 g5 16. Ne4 a5 17. Nexg5 hxg5 18. h6 Bh8 19. h7+ Kg7 20. Rh5 f5 21. exf6+ Rxf6 22. Rxg5+ Kf7 23. Rg8 Rxf3 24. Bg6+ Kf6 25. Qxf3+ Kg5 26. Bf7+ 1-0

[Event "AUS-ch U18"]
[Site "Sandy Bay"]
[Date "2010.01.25"]
[Round "11"]
[White "Hendrey, Kevin"]
[Black "Hibberd, Nathan"]
[Result "1/2-1/2"]
[WhiteElo "1446"]
[BlackElo "1311"]
[PlyCount "76"]
[EventDate "2010.01.14"]
[EventType "swiss"]
[EventRounds "11"]
[EventCountry "AUS"]
[SourceTitle "EXT 2011"]
[Source "ChessBase"]
[SourceDate "2010.11.26"]
[SourceVersion "1"]
[SourceVersionDate "2010.11.26"]
[SourceQuality "1"]

1. e4 c5 2. Nc3 e6 3. g3 b6 4. Bg2 Bb7 5. f4 a6 6. Nf3 Bd6 7. 0-0 Bc7 8. d3 Nc6 9. Be3 Qf6 10. d4 cxd4 11. Nxd4 0-0-0 12. e5 Qg6 13. f5 exf5 14. Nxf5 Nxe5 15. Nd5 Bxd5 16. Qxd5 Nc6 17. Be4 Re8 18. Bd4 Nf6 19. Bxf6 Qxf6 20. Rad1 Qd8 21. Nxg7 Re5 22. Qd3 Nb4 23. Qc4 Qe7 24. Rde1 d5 25. Bf5+ Kb8 26. Qc3 Nxa2 27. Qb3 Rxe1 28. Qxa2 Qe3+ 29. Kg2 Qe2+ 30. Rf2 Qd1 31. Qxa6 Qd4 32. Rf3 Qd2+ 33. Rf2 Qa5 34. Qd3 Qa2 35. Qc3 Qa5 36. b4 Qa1 37. Qxa1 Rxa1 38. Nh5 Rb1 1/2-1/2

[Event "AUS-ch U18"]
[Site "Sandy Bay"]
[Date "2010.01.20"]
[Round "7"]
[White "Hibberd, Nathan"]
[Black "Short, Owen"]
[Result "1-0"]
[WhiteElo "1311"]
[BlackElo "1290"]
[PlyCount "43"]
[EventDate "2010.01.14"]
[EventType "swiss"]
[EventRounds "11"]
[EventCountry "AUS"]
[SourceTitle "EXT 2011"]
[Source "ChessBase"]
[SourceDate "2010.11.26"]
[SourceVersion "1"]
[SourceVersionDate "2010.11.26"]
[SourceQuality "1"]

1. e4 c5 2. Nf3 e6 3. d4 cxd4 4. Nxd4 a6 5. Bd3 b5 6. 0-0 Qb6 7. c3 Bb7 8. Be3 Bc5 9. b4 Bxd4 10. Bxd4 Qc6 11. Bxg7 f5 12. Qh5+ Kd8 13. Bxh8 fxe4 14. Be2 e3 15. Bf3 exf2+ 16. Rxf2 Qb6 17. Bxb7 Qxb7 18. Qc5 Nc6 19. Rf8+ Kc7 20. Be5+ d6 21. Qxd6+ Kb6 22. Bd4# 1-0

[Event "AUS-ch U18"]
[Site "Sandy Bay"]
[Date "2010.01.18"]
[Round "5"]
[White "Hibberd, Nathan"]
[Black "Bull Quijano, Damar"]
[Result "1/2-1/2"]
[WhiteElo "1311"]
[BlackElo "901"]
[PlyCount "115"]
[EventDate "2010.01.14"]
[EventType "swiss"]
[EventRounds "11"]
[EventCountry "AUS"]
[SourceTitle "EXT 2011"]
[Source "ChessBase"]
[SourceDate "2010.11.26"]
[SourceVersion "1"]
[SourceVersionDate "2010.11.26"]
[SourceQuality "1"]

1. e4 c6 2. d4 d5 3. Nd2 b6 4. Ngf3 Bg4 5. e5 f6 6. h3 Bh5 7. Be2 c5 8. Bb5+ Kf7 9. g4 Bg6 10. Qe2 e6 11. c3 a6 12. Ba4 b5 13. Bd1 c4 14. Nf1 Be7 15. Ng3 Nc6 16. Bc2 Bxc2 17. Qxc2 h6 18. h4 Rc8 19. h5 Bf8 20. Qg6+ Ke7 21. Ne2 Qe8 22. Nf4 Kd7 23. a4 Qxg6 24. Nxg6 Rh7 25. axb5 axb5 26. Bd2 Nge7 27. exf6 gxf6 28. Nfh4 e5 29. dxe5 fxe5 30. Rh3 Rf7 31. Nxf8+ Rcxf8 32. Bxh6 Rh8 33. Bg5 Rg8 34. Rf3 Rxf3 35. Nxf3 e4 36. Bxe7 exf3 37. Bc5 Rxg4 38. 0-0-0 Ke6 39. Rh1 Kf7 40. Kd2 Re4 41. Be3 Kg7 42. Rh3 d4 43. cxd4 Nxd4 44. Bxd4+ Rxd4+ 45. Kc3 Rd3+ 46. Kc2 Kh6 47. Rh1 b4 48. Rh4 b3+ 49. Kc1 c3 50. bxc3 Rxc3+ 51. Kb2 Rc2+ 52. Kxb3 Rxf2 53. Kc3 Ra2 54. Rh1 Ra8 55. Kd3 Rf8 56. Ke3 Kg5 57. h6 f2 58. Rf1 1/2-1/2